000 00346nam a2200157Ia 4500
100 _aAnitha/S/ Gomathi/ M
650 _aMiddleware
942 _cBK
366 _f25
245 _aProgramming with middleware technologies
260 _bAne Books
_c2011
082 _a5.74
_bANI
300 _a138
546 _aENGLISH
_cComputers
999 _c24593
_d24593